书目信息 |
| 题名: |
中国加入WTO环境影响研究
|
|
| 作者: | 朗内尔斯, , 叶汝求 主编 ;WTO与环境课题组 著 | |
| 分册: | ||
| 出版信息: | 北京 中国环境出版社 2004 |
|
| 页数: | 322页 | |
| 开本: | 23cm | |
| 丛书名: | 中国环境与发展国际合作委员会成果丛书 | |
| 单 册: | ||
| 中图分类: | X820.3 | |
| 科图分类: | ||
| 主题词: | 环境影响--huan jing ying xiang--研究报告--中国 | |
| 电子资源: | ||
| ISBN: | 7-80209-024-5 | |
| 000 | 01176nam 2200301 450 | |
| 001 | CAL 012005029285 | |
| 005 | 20061123162454.82 | |
| 010 | @a7-80209-024-5@dCNY 40.00 | |
| 099 | @aCAL 012005029285 | |
| 100 | @a20050427d2004 ekmy0chiy0121 ea | |
| 101 | 0 | @achi |
| 102 | @aCN@b110000 | |
| 200 | 1 | @a中国加入WTO环境影响研究@Azhong guo jia ru wto huan jing ying xiang yan jiu@fWTO与环境课题组著@g主编叶汝求, David Runnalls |
| 210 | @a北京@c中国环境出版社@d2004 | |
| 215 | @a322页@c图@d23cm | |
| 225 | 2 | @a中国环境与发展国际合作委员会成果丛书@Azhong guo huan jing yu fa zhan guo ji he zuo wei yun hui cheng guo cong shu |
| 312 | @a并列题名取自封面 | |
| 314 | @a责任者Runnalls的自译汉译姓: 朗内尔斯 | |
| 320 | @a有书目 | |
| 410 | 0 | @12001 @a中国环境与发展国际合作委员会成果丛书 |
| 510 | 0 | @aEnvironmental impact assessment of China's WTO accession@zeng |
| 606 | 0 | @a环境影响@Ahuan jing ying xiang@x研究报告@y中国 |
| 690 | @aX820.3@v4 | |
| 701 | 1 | @a朗内尔斯,@Alang nei er si@bD.@g(Runnals, David)@4主编 |
| 701 | 0 | @a叶汝求@Aye ru qiu@4主编 |
| 711 | 02 | @aWTO与环境课题组@Awto yu huan jing ke ti zu@4著 |
| 801 | @aCN@c20061123 | |
| 905 | @a10447@dX820.3@eY741 | |
| 中国加入WTO环境影响研究/WTO与环境课题组著/主编叶汝求, David Runnalls.-北京:中国环境出版社,2004 |
| 322页:图;23cm.-(中国环境与发展国际合作委员会成果丛书) |
| ←并列题名:Environmental impact assessment of China's WTO accession |
| ISBN 7-80209-024-5:CNY 40.00 |
| ● |
| 相关链接 |
|
|
|
正题名:中国加入WTO环境影响研究
索取号:X820.3/Y741
 
预约/预借
| 序号 | 登录号 | 条形码 | 馆藏地/架位号 | 状态 | 备注 |
| 1 | 615093 | 206150939 | 自科库501/501自科库 113排2列2层/ [索取号:X820.3/Y741] | 在馆 | |
| 2 | 615094 | 206150948 | 自科库501/501自科库 113排2列2层/ [索取号:X820.3/Y741] | 在馆 |